000 00269nam a2200097Ia 4500
082 _aK HVA
245 0 _aGet real, get ready, get going
100 _a ROSS, Michael Grand Rapids, Mich., 1999
_977891
942 _cBK
008 210817s9999 xx 000 0 und d
999 _c267785
_d267784